| 000 | 00600nam a2200157 4500 | ||
|---|---|---|---|
| 001 | 108227 | ||
| 003 | ES-MaACL | ||
| 007 | t| | ||
| 008 | 061121s1980 sp r ||||1| spa d | ||
| 100 | 1 |
_aMonteagudo López-Menchero, Jesús. _982424 |
|
| 245 | 1 | 0 |
_aEvolución geodemográfica de un sector perirurbano de Huelva _b: Palos de la Frontera y Moguer 1960-1975 / _cJesús Monteagudo López-Menchero. |
| 260 |
_aHuelva : _bColegio Universitario de la Rábida, _c1980. |
||
| 300 |
_a248 p. : _bil ; _c21 cm. |
||
| 710 | 2 |
_aColegio Universitario de La Rábida. _92990 |
|
| 852 |
_aES-MaACL _jL-326 _bR.101285 |
||
| 999 |
_c108227 _d108227 |
||